<?xml version="1.0" encoding="UTF-8"?>
<record
    xmlns:xsi="http://www.w3.org/2001/XMLSchema-instance"
    xsi:schemaLocation="http://www.loc.gov/MARC21/slim http://www.loc.gov/standards/marcxml/schema/MARC21slim.xsd"
    xmlns="http://www.loc.gov/MARC21/slim">

  <leader>01833nas1a22003611i 4500</leader>
  <controlfield tag="001">RU\NLR\Per\673326</controlfield>
  <controlfield tag="005">20260426063108.0</controlfield>
  <datafield tag="011" ind1=" " ind2=" ">
    <subfield code="a">2078035-4</subfield>
  </datafield>
  <datafield tag="035" ind1=" " ind2=" ">
    <subfield code="a">(NLR Aleph) 002921849</subfield>
  </datafield>
  <datafield tag="090" ind1=" " ind2=" ">
    <subfield code="a">3632955</subfield>
    <subfield code="c">3632955</subfield>
  </datafield>
  <datafield tag="100" ind1=" " ind2=" ">
    <subfield code="a">20100406a20109999|||y0rusy50      ba</subfield>
  </datafield>
  <datafield tag="101" ind1="0" ind2=" ">
    <subfield code="a">rus</subfield>
  </datafield>
  <datafield tag="102" ind1=" " ind2=" ">
    <subfield code="a">RU</subfield>
  </datafield>
  <datafield tag="110" ind1=" " ind2=" ">
    <subfield code="a">af|||||||||</subfield>
  </datafield>
  <datafield tag="200" ind1="1" ind2=" ">
    <subfield code="a">DF</subfield>
    <subfield code="e">Debt factor</subfield>
    <subfield code="e">&#x414;&#x43E;&#x43B;&#x433;&#x43E;&#x432;&#x43E;&#x439; &#x444;&#x430;&#x43A;&#x442;&#x43E;&#x440;</subfield>
  </datafield>
  <datafield tag="210" ind1=" " ind2=" ">
    <subfield code="a">&#x41C;&#x43E;&#x441;&#x43A;&#x432;&#x430;</subfield>
    <subfield code="c">&#x414;&#x43E;&#x43B;&#x433;&#x43E;&#x432;&#x43E;&#x439; &#x444;&#x430;&#x43A;&#x442;&#x43E;&#x440;</subfield>
    <subfield code="d">2010 -</subfield>
  </datafield>
  <datafield tag="300" ind1=" " ind2=" ">
    <subfield code="a">&#x420;&#x430;&#x43D;&#x435;&#x435; &#x432;&#x44B;&#x445;&#x43E;&#x434;&#x438;&#x43B; &#x432; &#x432;&#x438;&#x434;&#x435; &#x433;&#x430;&#x437;.</subfield>
  </datafield>
  <datafield tag="421" ind1=" " ind2="0">
    <subfield code="1">2001#$a&#x412;&#x435;&#x441;&#x442;&#x43D;&#x438;&#x43A; &#x441;&#x443;&#x434;&#x435;&#x431;&#x43D;&#x44B;&#x445; &#x43F;&#x440;&#x438;&#x441;&#x442;&#x430;&#x432;&#x43E;&#x432;</subfield>
    <subfield code="t">&#x412;&#x435;&#x441;&#x442;&#x43D;&#x438;&#x43A; &#x441;&#x443;&#x434;&#x435;&#x431;&#x43D;&#x44B;&#x445; &#x43F;&#x440;&#x438;&#x441;&#x442;&#x430;&#x432;&#x43E;&#x432;</subfield>
  </datafield>
  <datafield tag="517" ind1="1" ind2=" ">
    <subfield code="a">&#x414;&#x43E;&#x43B;&#x433;&#x43E;&#x432;&#x43E;&#x439; &#x444;&#x430;&#x43A;&#x442;&#x43E;&#x440;</subfield>
  </datafield>
  <datafield tag="532" ind1="1" ind2="2">
    <subfield code="a">Debt factor</subfield>
  </datafield>
  <datafield tag="532" ind1="1" ind2="2">
    <subfield code="a">Debts &amp; financing</subfield>
  </datafield>
  <datafield tag="606" ind1=" " ind2=" ">
    <subfield code="a">&#x418;&#x43D;&#x432;&#x435;&#x441;&#x442;&#x438;&#x446;&#x438;&#x438; &#x43A;&#x430;&#x43F;&#x438;&#x442;&#x430;&#x43B;&#x430;</subfield>
    <subfield code="j">&#x41F;&#x435;&#x440;&#x438;&#x43E;&#x434;&#x438;&#x447;&#x435;&#x441;&#x43A;&#x438;&#x435; &#x438;&#x437;&#x434;&#x430;&#x43D;&#x438;&#x44F;</subfield>
    <subfield code="3">RU\NLR\AUTH\66985155</subfield>
    <subfield code="9">1565228</subfield>
  </datafield>
  <datafield tag="606" ind1="1" ind2=" ">
    <subfield code="a">&#x414;&#x43E;&#x43B;&#x433;&#x438;</subfield>
    <subfield code="j">&#x41F;&#x435;&#x440;&#x438;&#x43E;&#x434;&#x438;&#x447;&#x435;&#x441;&#x43A;&#x438;&#x435; &#x438;&#x437;&#x434;&#x430;&#x43D;&#x438;&#x44F;</subfield>
    <subfield code="9">988156</subfield>
    <subfield code="3">RU\NLR\AUTH\66372882</subfield>
  </datafield>
  <datafield tag="686" ind1="1" ind2=" ">
    <subfield code="a">&#x423;9(2)-56(2&#x420;)&#x44F;54</subfield>
  </datafield>
  <datafield tag="686" ind1="1" ind2=" ">
    <subfield code="a">&#x423;26(2)8&#x44F;54</subfield>
  </datafield>
  <datafield tag="852" ind1=" " ind2=" ">
    <subfield code="a">NLR</subfield>
    <subfield code="j">&#x41F;23/7767</subfield>
  </datafield>
  <datafield tag="942" ind1=" " ind2=" ">
    <subfield code="c">JOURNAL</subfield>
  </datafield>
  <datafield tag="980" ind1=" " ind2=" ">
    <subfield code="a">RUSPER</subfield>
  </datafield>
</record>
